Which city in the US - Statistics

General Stats
  • This quiz has been taken 218 times
  • The average score is 13 of 17
Answer Stats
Hint City % Correct
City producing the most movies Los Angeles
97%
Most populous city New York City
97%
Capital city Washington DC
96%
City with the mist casinos per capita Las Vegas
95%
———-, we have a problem Houston
93%
Most populous American city connected to the Great Lakes Chicago
89%
Hub to many country singers Nashville
84%
Previous capital city Philadelphia
83%
Capital of Alaska Juneau
82%
City in the south named after a French city New Orleans
81%
City in New England that hosted famous which trials Salem
81%
Most populous city in Ohio Columbus
77%
City home to the most black people Detroit
76%
2nd most traveled to city be foreigners Miami
70%
City in Mississippi where Elvis was born Tupelo
45%
Cherry capital located in Michigan Traverse City
11%
Biggest city by land area Sitka
5%
No matching quizzes found
Score Distribution
Percent of People with Each Score
Percentile by Number Answered
Your Score History
You have not taken this quiz